00377nam a22001457a 450000500170000000800410001702000230005804000090008104100060009008200120009610000320010824500210014026000480016130000220020920240414210830.0240414b sa ||||| |||| 00| 0 eng d a9780190758707qpbk c3228 2E aEF LANG aLanga, Mdumiseni Langelihle aUmuntu Akalahlwa aSouth AfricabOxford University Pressc2021 a172 Pagesc21 cm